01481nam a22002417a 450000500170000000800410001702000180005804000070007604100080008308200180009110000140010924500470012325000060017026000570017630000250023336500740025852008100033265000220114265000190116465000250118365000130120870000180122120260312110553.0260312b |||||||| |||| 00| 0 eng d a9789354600838 cAL aeng a658.403bVOHQ aVohra N D aQuantitative techniques in management Ed 6 a6 aChennaibMcGraw Hill Education (India) Pvt Ltdc2025 axv,832pbPBc24x18cm 2ManagementaABDI/0854/26b₹795.00c₹d₹1060.00e25%f19-02-2026 aThis book provides an in-depth understanding of basic quantitative tools and techniques required in analytical evaluations and managerial decision-making. With the updated content, it continues to provide rich pedagogical support including relatively large-sized practical problems to aid decision-making process of managers. The new edition will be useful for students pursuing post graduate courses in management and commerce besides professional courses like those o¬ered by ICAI and ICWAI. Salient Features: 1. New Case Study after every chapter 2. Solution of a game using Gambit — Software tool for game theory 3. Solution of a queuing model using Jensen add-ins 4. MS Excel integration across the chapters to solve problems 5. Supplementary resources include Mathematics and Statistics Refresher aGraphic Solutions aSimplex Method aInventory Management aPERT CPM aArora, Hitesh